Método y sistema de Hegel : fuentes ideológicas y génesis de la filosofía hegeliana /

Uloženo v:
Podrobná bibliografie
Hlavní autor: Gulian, Constantin I. (autor)
Další autoři: Vidal Roget, Augusto (traducción) (traducción), Laín, José (traducción) (traducción)
Médium: Kniha
Jazyk:španělština
Vydáno: México : Grijalbo, 1971, c1971
Tagy: Přidat tag
Žádné tagy, Buďte první, kdo vytvoří štítek k tomuto záznamu!

MARC

LEADER 00000nam^a2200000^a^4500
001 000570201
005 20250521000000.0
009 20260526153041.604
037 |a Acervo Xavier Clavigero 
041 |a ESP 
091 |a FPA. 02808 
100 |a Gulian, Constantin I.  |e (autor) 
245 1 0 |a Método y sistema de Hegel :  |b fuentes ideológicas y génesis de la filosofía hegeliana / 
264 4 |a México :  |b Grijalbo,  |c 1971, c1971 
300 |a 289 p. 
336 |a texto  |b txt  |2 rdacontenido 
337 |a sin mediación  |b n  |2 rdamedio 
338 |a volumen  |b nc  |2 rdasoporte 
649 |a XX 
700 |a Vidal Roget, Augusto  |e (traducción) 
700 |a Laín, José  |e (traducción) 
910 |a Fondo José Ignacio Palencia Gómez S.J. 
920 |a Impresos - Libros 
930 |a Fondos Especiales 
905 |a 137 
901 |a 0500356596  |b IT2  |c ESL  |i D  |u 20250521 
902 |a https://opac.biblio.iteso.mx/vufind/Record/000570201